00963nam a2200289 a 4500003000900000005001700009008004100026020001800067040002800085041000800113082002400121100002900145245010000174250002500274260004900299300002900348500002200377500002200399534003400421650004400455650003300499650002900532650003800561700002500599700002500624700002400649CO-ViMGA20230915233136.0091201s2007 ck a jr 00110 spa d a9789583025952 aCO-ViMGAbspacCO-ViMGA1 heng04aI597.3 bS19t1 2211 aSavage, Stephen, d1965-10aTiburones / cStephen Savage ; traductor Ana Pérez ; ilustraciones Ray Grinaway ... [et al.]. aEditor Carron Brown.3 aBogotá : bPanamericana Editorial, c2007. a32 p. : bil. ; c28 cm. aGlosario : p. 31. aIncluye índice. pTítulo original : tSharks. 6aTiburonesx Alimentación y alimentos. 6aTiburonesx Clasificación. 6aTiburonesx Enseñanza. 6aTiburonesx Hábitos y conducta.1 aBrown, Carron, eed.1 aGrinaway, Ray, eil.1 aPérez, Ana, etr.